000 00690nam a2200229 4500
008 s2004 fr fre u
020 _a2011164621
020 _a9782011164629
040 _aLB-BrCRDP
082 1 _aCE2
_bMAT. g
100 1 _aBlanc, J. - P.
245 1 0 _aPour comprendre les mathématiques - CE2 / Guide pédagogique
_cJ. - P. Blanc, P. Bramand
260 _aParis
_bHachette
_c2004
300 _a240 p.
_bcouv. couleur, ill. noir et blanc.
_c24 cm
500 _aTable des matières, annexes.
650 4 _aMathématiques
650 4 _aCycle 3.
650 4 _aEB3
700 1 _aBramand, P.
942 _cBK
999 _c1005
_d1005